Normal view
MARC view
- Chemical Pathology - Ph. D Thesis.
Entry Topical Term
001 - CONTROL NUMBER
- control field: 19480
003 - CONTROL NUMBER IDENTIFIER
- control field: NUST
005 - DATE AND TIME OF LATEST TRANSACTION
- control field: 20190824153258.0
008 - FIXED-LENGTH DATA ELEMENTS
- fixed length control field: 190824|| aca||aabn | a|a d
040 ## - CATALOGING SOURCE
- Original cataloging agency: NUST
- Transcribing agency: NUST
150 ## - HEADING--TOPICAL TERM
- Topical term or geographic name entry element: Chemical Pathology - Ph. D Thesis.
670 ## - SOURCE DATA FOUND
- Source citation: Work cat.: (NUST): Ansari, Wafa Munir 19479, Influence of Interleukin - 18, Tumor Necrosis Factor-alpha and Interleukin-10 Gene Promoter Single Nucleotide Polymorphisms on Pro-/Anti Inflammatory Cytokine Imbalance in Premature Coronary Artery Disease /, 2016.
